| 000 | 00685nam a2200229 a 4500 | ||
|---|---|---|---|
| 001 | ES-MaREB00802435-9 | ||
| 003 | OSt | ||
| 005 | 20151012171812.0 | ||
| 008 | 061114s2005 esp 000 f spa d | ||
| 020 | _a84-96231-44-5 | ||
| 040 | _cBMC | ||
| 082 | _a839.83 | ||
| 100 | 1 |
_aSeierstad, Åsne _936692 |
|
| 245 | 1 | 3 |
_aEl librero de Kabul _cAsne Seierstad; traducción, Sara Hoyrup, Marcelo Covián |
| 260 |
_aMadrid _bMaeva _cD.L. 2005 |
||
| 300 |
_a253 p. _c19 cm |
||
| 546 | _aTraducción de: Bokhanleren I kabul et familiedrama | ||
| 650 | 2 | 4 |
_929469 _aNovela noruega |
| 700 | 1 |
_936695 _aHoyrup, Sara |
|
| 700 | 1 |
_936696 _aCovián, Marcelo |
|
| 942 |
_2ddc _cBK _hprozim |
||
| 999 |
_c22906 _d22906 |
||